South Eastern Kenya University

Library Online Public Access Catalogue


Reader's choice / (Record no. 13104)

MARC details
000 -LEADER
fixed length control field 00806nam a2200253 a 4500
001 - CONTROL NUMBER
control field 2544346
003 - CONTROL NUMBER IDENTIFIER
control field OSt
005 - DATE AND TIME OF LATEST TRANSACTION
control field 20160428115853.0
008 - FIXED-LENGTH DATA ELEMENTS--GENERAL INFORMATION
fixed length control field 950118s1994 miuab b 000 0 eng
010 ## - LIBRARY OF CONGRESS CONTROL NUMBER
LC control number 94060411
020 ## - INTERNATIONAL STANDARD BOOK NUMBER
International Standard Book Number 0472082655
040 ## - CATALOGING SOURCE
Original cataloging agency SEKU
050 00 - LIBRARY OF CONGRESS CALL NUMBER
Classification number PE 1122
Item number .R42 1997
245 00 - TITLE STATEMENT
Title Reader's choice /
Statement of responsibility, etc. Kim Flachmann ... [et al.].
Remainder of title essays for thinking, reading, and writing
250 ## - EDITION STATEMENT
Edition statement 2nd ed.
260 ## - PUBLICATION, DISTRIBUTION, ETC. (IMPRINT)
Place of publication, distribution, etc. Ann Arbor :
Name of publisher, distributor, etc. University of Michigan Press,
Date of publication, distribution, etc. 1997.
300 ## - PHYSICAL DESCRIPTION
Extent 340 p. :
Other physical details ill., maps ;
500 ## - GENERAL NOTE
General note "Developed under the auspices of the English Language Institute at The University of Michigan".
504 ## - BIBLIOGRAPHY, ETC. NOTE
Bibliography, etc Includes bibliographical references.
650 #0 - SUBJECT ADDED ENTRY--TOPICAL TERM
Topical term or geographic name as entry element College readers.
700 1# - ADDED ENTRY--PERSONAL NAME
Personal name Flachmann, Kim ...[et..al]
710 2# - ADDED ENTRY--CORPORATE NAME
Corporate name or jurisdiction name as entry element .
942 ## - ADDED ENTRY ELEMENTS (KOHA)
Source of classification or shelving scheme Library of Congress Classification
Koha item type General circulation
Holdings
Withdrawn status Lost status Source of classification or shelving scheme Damaged status Not for loan Home library Current library Shelving location Date acquired Source of acquisition Total Checkouts Full call number Barcode Date last seen Price effective from Koha item type
    Library of Congress Classification     Main Campus Library Main Campus Library General Stacks 28/04/2016 Donation-Books for Africa   PE 1122 .R42 1997 2016/014752 28/04/2016 28/04/2016 General circulation
Kitui, Kenya.
+254736116989
library@seku.ac.ke